000 00992nam a2200289 4500
003 EG-GICUC
005 20260408155958.0
008 260408s1968 Sz a|||f |||| 00| 0 Fre d
040 _a EG-GICUC
_bfre
_c EG-GICUC
_d EG-GICUC
_erda
082 0 4 _a341.33
_bC O . A
_221
092 0 4 _221
099 _aLaw1 11 341.33 C O . A 1968
110 _kCode Diplomatique Et Consulaire
245 _aAnnuaire Pour Le Corps Diplomatique Et Consulaire Du Monde Entier :
_nVolume II /
_cPar Code Diplomatique Et Consulaire.
264 _aSuisse:
_bArogno-Lugano,
_c1968.
300 _a976 Pages:
_billustration ;
_c24 Cm.
336 _2rda content
_atext
337 _2rda media
_aComputer
338 _2rda carrier
_aOnline Resource
504 _aBibliography: pages 200-250. 240-220
546 _aTexte en français
650 1 4 _aDroit international Public
_2qrmak
651 1 _2qrmak
856 4 0 _uhttps://fll.law.cu.edu.eg/fulltext/bks/B11-06834.pdf
905 _a64
942 _2ddc
_cBK
_e21
_n0
999 _c69761
_d69761